000 02213nam0a2200373 4500
001 RU\NLR\bibl\603935
005 20260405070201.0
010 _a5-93035-100-7
021 _aRU
_b2004-38216
_91905
035 _aRSL-KNO-002447416
035 _a(NLR Aleph) 000595864
090 _a1742219
_c1742219
100 _a20040702d2004 |||y0rusy50 ca
101 0 _arus
102 _aRU
105 _aa |||||||||
106 _ar
200 1 _aПути повышения эффективности деятельности УИС Минюста России в современный период
_eматериалы Междунар. науч.-практ. конф., 20 нояб. 2003 г., г. Владимир
_f[редкол.: В. М. Морозов (отв. ред.), д.социол.н., проф., д.чл. Акад. пробл. безопасности, обороны и правопорядка и др.]
210 _aВладимир
_cВладим. юрид. ин-т
_d2004
_eРИО Владимир. юрид. ин-т Минюста России
215 _a371 с.
_cсхем.
_d20
300 _aВ надзаг.: М-во юстиции Рос. Федерации, Владим. юрид. ин-т
320 _aБиблиогр. в подстроч. примеч.
606 0 _aУголовно-исполнительная система
_jСъезды, совещания и т.п.
_yРоссийская Федерация
_92127798
_3RU\NLR\auth\661284113
610 0 _aГосударство и право. Юридические науки -- Уголовно-исполнительное право -- Российская Федерация -- Управление местами заключения -- Материалы конференции
686 _aХ628.402я431(0)
_2rubbk
686 _aХ628.4я431
701 1 _4070
_8rus
_7ca
_aМорозов
_bВ. М.
_cсоциолог
_gВалерий Михайлович
_3RU\NLR\auth\7723743
_96796
801 0 _aRU
_bRuMoRKP
_c20040702
_grcr
801 1 _aRU
_bRuMoRGB
_c20040702
801 2 _aRU
_bNLR
_c20050201
_gPSBO
942 _cBOOK
980 _aNB
980 _aNBR